| 000 | 00983nam a22002897a 4500 | ||
|---|---|---|---|
| 001 | 5110 | ||
| 003 | FISKH | ||
| 005 | 20241107103234.0 | ||
| 008 | 241106b cb ||||| |||| 00| 0 eng d | ||
| 020 | _a9780439944496 | ||
| 040 |
_aFISKH _beng _cFISKH _dFISKH |
||
| 050 | _aPZ10.A664 | ||
| 082 | _a612 | ||
| 100 | _aArnold, Nick | ||
| 245 |
_aBlood, Bones and Body Bits / _cby Nick Arnold : illustrated by Tony De Saulles |
||
| 260 |
_aNew York : _bScholastic ; _c1996. |
||
| 300 |
_a171 pages : _billustrations ; _c21 cm . |
||
| 490 | _aHorrible Science | ||
| 505 | _aQ | ||
| 520 | _aScience with the squishy bits left in! Are you dying to find out where your food goes? What happens when a boil bursts? Why dead people need a haircut? Which animals live on your eyelashes? | ||
| 521 | 8 |
_a890
_bLexile |
|
| 521 | 8 |
_aQ
_bRaz-Plus |
|
| 650 |
_ahuman body _vnon-fiction |
||
| 700 |
_aSaulles, Tony De _eillustrator |
||
| 942 |
_2ddc _cBK _n0 |
||
| 999 |
_c5110 _d5110 |
||